Catálogo público

Arquitectura regional : (Record no. 217547)

MARC details
000 -CABECERA
campo de control de longitud fija 00787nam a22001937a 4500
005 - FECHA Y HORA DE LA ÚLTIMA TRANSACCIÓN
campo de control 20220805090715.0
008 - DATOS DE LONGITUD FIJA--INFORMACIÓN GENERAL
campo de control de longitud fija 220804s2014 mx ||||f |||| 00| 0 spa d
020 ## - NÚMERO INTERNACIONAL ESTÁNDAR DEL LIBRO
Número Internacional Estándar del Libro 978-607-7673-37-8
040 ## - FUENTE DE LA CATALOGACIÓN
Centro/agencia transcriptor CHAP
Normas de descripción rda
082 ## - NÚMERO DE LA CLASIFICACIÓN DECIMAL DEWEY
Número de edición 22
Número de clasificación 712.6097248
Número de documento/Ítem A72
245 ## - MENCIÓN DE TÍTULO
Título Arquitectura regional :
Resto del título la hacienda poblana y su potencial turístico de desarrollo local /
Mención de responsabilidad, etc. coordinado por Gonzalo Yanes Díaz y Serafín Ríos Elorza
264 #1 - PRODUCCIÓN, PUBLICACIÓN, DISTRIBUCIÓN, FABRICACIÓN Y COPYRIGHT
Producción, publicación, distribución, fabricación y copyright Tlaxcala, México :
Nombre del de productor, editor, distribuidor, fabricante El Colegio de Tlaxcala,
Fecha de producción, publicación, distribución, fabricación o copyright 2014.
300 ## - DESCRIPCIÓN FÍSICA
Extensión 237 páginas :
Otras características físicas mapas, cuadros, figuras, fotografías.
650 #0 - PUNTO DE ACCESO ADICIONAL DE MATERIA--TÉRMINO DE MATERIA
9 (RLIN) 185321
Término de materia o nombre geográfico como elemento de entrada Haciendas
Subdivisión geográfica Puebla
Subdivisión general Historia
650 #0 - PUNTO DE ACCESO ADICIONAL DE MATERIA--TÉRMINO DE MATERIA
9 (RLIN) 185322
Término de materia o nombre geográfico como elemento de entrada Arquitectura
Subdivisión geográfica Puebla
700 0# - PUNTO DE ACCESO ADICIONAL--NOMBRE DE PERSONA
9 (RLIN) 122975
Nombre de persona Yanes Díaz, Gonzalo
Término indicativo de función/relación coordinador.
700 ## - PUNTO DE ACCESO ADICIONAL--NOMBRE DE PERSONA
9 (RLIN) 175376
Nombre de persona Ríos Elorza, Serafín
Término indicativo de función/relación coordinador
942 ## - ELEMENTOS DE PUNTO DE ACCESO ADICIONAL (KOHA)
Fuente del sistema de clasificación o colocación Dewey Decimal Classification
Tipo de ítem Koha Libro
Holdings
Estado de retiro Estado de pérdida Fuente del sistema de clasificación o colocación Estado dañado Restricciones de uso No para préstamo Código de colección Localización permanente Ubicación/localización actual Ubicación en estantería Fecha de adquisición Total de préstamos Signatura topográfica completa Código de barras Fecha visto por última vez Precio válido a partir de Tipo de ítem Koha
    Dewey Decimal Classification   Préstamo 15 días   General Biblioteca Central Biblioteca Central Planta principal - Colección General 04/08/2022   712.6097248 A72 33724002563983 04/08/2022 04/08/2022 Libro